| 000 | 00524nam a2200217Ia 4500 | ||
|---|---|---|---|
| 008 | 210210b2013 xxu||||| |||| 00| 0 eng d | ||
| 020 | _a9789350841747 | ||
| 041 | _aeng | ||
| 082 | _a574.5 KUME | ||
| 100 | _aKUMAR (Uday) | ||
| 245 | _aEncyclopaedia of environmental chemistry | ||
| 260 |
_aNew Delhi _bCentrum Press _c2013 |
||
| 300 | _avii,296 | ||
| 650 | _aof | ||
| 650 | _aenvironmental | ||
| 650 | _aEncyclopedia | ||
| 650 | _aEncyclopaedia | ||
| 650 | _achemistry | ||
| 690 | _aEcology | ||
| 906 | _a067703 | ||
| 999 |
_c150836 _d150836 |
||